Carregando...
Disha khojti zindagiyan/
| Autor principal: | |
|---|---|
| Formato: | Printed Book |
| Idioma: | Hindi |
| Publicado em: |
Kanpur :
Aman Prakashan,
c2019.
|
| LEADER | 00500nam a22001577a 4500 | ||
|---|---|---|---|
| 008 | 200219b ||||| |||| 00| 0 hin d | ||
| 999 | |c 349014 |d 349014 | ||
| 020 | |a 9789389220056 | ||
| 041 | |a Hindi | ||
| 100 | |a Kamlesh Bakhshi | ||
| 245 | |a Disha khojti zindagiyan/ |c Kamlesh Bakhshi | ||
| 260 | |a Kanpur : |b Aman Prakashan, |c c2019. | ||
| 300 | |a 128p.; | ||
| 500 | |a novel | ||
| 942 | |c BK | ||
| 952 | |0 0 |1 0 |2 ddc |4 0 |7 0 |9 402627 |a HIN |b HIN |c ST1 |d 2020-02-19 |e Book Shop |i 26328 |l 0 |p HIN26328 |r 2020-02-19 |v 295.00 |w 2020-02-19 |y BK | ||